<?xml version="1.0" encoding="UTF-8"?>
<record
    xmlns:xsi="http://www.w3.org/2001/XMLSchema-instance"
    xsi:schemaLocation="http://www.loc.gov/MARC21/slim http://www.loc.gov/standards/marcxml/schema/MARC21slim.xsd"
    xmlns="http://www.loc.gov/MARC21/slim">

  <leader>00810    a2200193   4500</leader>
  <controlfield tag="003">Nust</controlfield>
  <controlfield tag="005">20221220111957.0</controlfield>
  <datafield tag="010" ind1=" " ind2=" ">
    <subfield code="a">   73160629</subfield>
  </datafield>
  <datafield tag="020" ind1=" " ind2=" ">
    <subfield code="a">0064944522</subfield>
    <subfield code="a">0064944530 (pbk.)</subfield>
  </datafield>
  <datafield tag="040" ind1=" " ind2=" ">
    <subfield code="c">Nust</subfield>
  </datafield>
  <datafield tag="082" ind1="0" ind2="0">
    <subfield code="a">320.01,VER</subfield>
  </datafield>
  <datafield tag="100" ind1="1" ind2=" ">
    <subfield code="a"> Verma.S.L</subfield>
    <subfield code="9">478</subfield>
  </datafield>
  <datafield tag="245" ind1="1" ind2="0">
    <subfield code="a">Modern political theory / </subfield>
    <subfield code="c">S. L. Verma</subfield>
  </datafield>
  <datafield tag="260" ind1=" " ind2=" ">
    <subfield code="a">New York,</subfield>
    <subfield code="b">Barnes &amp; Noble Books</subfield>
    <subfield code="c">[1973, c1970]</subfield>
  </datafield>
  <datafield tag="300" ind1=" " ind2=" ">
    <subfield code="a">xxv, 269 p.;</subfield>
    <subfield code="c">23 cm.</subfield>
  </datafield>
  <datafield tag="505" ind1=" " ind2=" ">
    <subfield code="a">Modern Political Theory (Page-1), Behavioral Revolution and After (Page-38), Facts Value and Theory (Page-69), Systems Theory (Page-98), Structural Functional Approach (Page-125), Power Influence Authority and Legitimacy (Page-162), Modernization and Political Development  (Page-200), Epilogue (Page-240).</subfield>
  </datafield>
  <datafield tag="650" ind1=" " ind2="0">
    <subfield code="a">modern political</subfield>
    <subfield code="9">479</subfield>
  </datafield>
  <datafield tag="942" ind1=" " ind2=" ">
    <subfield code="2">ddc</subfield>
    <subfield code="c">BK</subfield>
    <subfield code="k">320.01,VER</subfield>
  </datafield>
  <datafield tag="999" ind1=" " ind2=" ">
    <subfield code="c">184904</subfield>
    <subfield code="d">184904</subfield>
  </datafield>
  <datafield tag="952" ind1=" " ind2=" ">
    <subfield code="0">0</subfield>
    <subfield code="1">0</subfield>
    <subfield code="2">ddc</subfield>
    <subfield code="4">0</subfield>
    <subfield code="7">0</subfield>
    <subfield code="a">MCS</subfield>
    <subfield code="b">MCS</subfield>
    <subfield code="c">GEN</subfield>
    <subfield code="d">2016-12-12</subfield>
    <subfield code="o">320.01,VER</subfield>
    <subfield code="p">MCS33510</subfield>
    <subfield code="r">2016-12-08</subfield>
    <subfield code="w">2016-12-12</subfield>
    <subfield code="y">BK</subfield>
    <subfield code="z">Almirah No.73, Shelf No.4</subfield>
  </datafield>
  <datafield tag="952" ind1=" " ind2=" ">
    <subfield code="0">0</subfield>
    <subfield code="1">0</subfield>
    <subfield code="2">ddc</subfield>
    <subfield code="4">0</subfield>
    <subfield code="7">0</subfield>
    <subfield code="a">MCS</subfield>
    <subfield code="b">MCS</subfield>
    <subfield code="c">GEN</subfield>
    <subfield code="d">2016-12-12</subfield>
    <subfield code="o">320.01,VER</subfield>
    <subfield code="p">MCS33511</subfield>
    <subfield code="r">2016-12-08</subfield>
    <subfield code="w">2016-12-12</subfield>
    <subfield code="y">BK</subfield>
    <subfield code="z">Almirah No.49, Shelf No.4</subfield>
  </datafield>
</record>
